[Event "France 2019 - Accession"]
[Site "Chartres"]
[Date "2019.08.22"]
[Round "6.28"]
[White "Devallee, Jeremie"]
[Black "Pottier, Simeon"]
[Result "0-1"]
[WhiteElo "2270"]
[BlackElo "2162"]
[PlyCount "60"]
[EventDate "2019.08.??"]
[EventType "swiss"]
[EventRounds "9"]
[EventCountry "FRA"]
[WhiteTeam "C'Chartres Echecs"]
[BlackTeam "LEC Echiquier Limousin"]

1. d4 d5 2. Bf4 Nf6 3. e3 g6 4. c3 Bg7 5. Nd2 O-O 6. h4 h6 7. Ngf3 b6 8. Ne5 c5
9. g4 Nfd7 10. Ndf3 Bb7 11. Bd3 Nc6 12. Qc2 Ncxe5 13. dxe5 e6 14. O-O-O c4 15.
Be2 a5 16. Qd2 Nc5 17. Nd4 Qe8 18. Rdg1 Qa4 19. Kb1 Qd7 20. Rh2 b5 21. Nf3 b4
22. h5 Ne4 23. Qd4 bxc3 24. Bxc4 Ba6 25. Bb3 a4 26. Bc2 Qb7 27. b3 axb3 28.
Bxb3 Bc4 29. Qd1 Bxb3 30. Qxb3 Qa6 0-1

[Event "France 2019 - Accession"]
[Site "Chartres"]
[Date "2019.08.22"]
[Round "6.29"]
[White "Albaric, Etienne"]
[Black "Giacomini, Hector"]
[Result "1/2-1/2"]
[WhiteElo "2250"]
[BlackElo "2156"]
[PlyCount "166"]
[EventDate "2019.08.??"]
[EventType "swiss"]
[EventRounds "9"]
[EventCountry "FRA"]
[WhiteTeam "Lutèce Echecs"]
[BlackTeam "Echiquier Tourangeau"]

1. e4 c5 2. Nf3 e6 3. d4 cxd4 4. Nxd4 a6 5. Bd3 Qc7 6. c4 Nc6 7. Nxc6 bxc6 8.
Qe2 e5 9. Be3 Nf6 10. O-O d6 11. h3 Be7 12. Nc3 O-O 13. Na4 Rb8 14. Rfc1 a5 15.
Qc2 h6 16. Rab1 Be6 17. a3 Nd7 18. b4 axb4 19. axb4 Bg5 20. Bxg5 hxg5 21. c5 d5
22. exd5 Bxd5 23. Bh7+ Kh8 24. Bf5 Nf6 25. Nb6 g6 26. Bd3 Kg7 27. b5 cxb5 28.
Nxd5 Nxd5 29. Bxb5 Nf4 30. Bf1 Ne6 31. Rxb8 Rxb8 32. Bd3 Nd4 33. Qc4 Qc6 34.
Re1 Re8 35. Be4 Qc7 36. Bd5 Rd8 37. Rb1 Rb8 38. Rxb8 Qxb8 39. c6 Qc7 40. Qb4
Ne2+ 41. Kh2 Nf4 42. Be4 Ne6 43. g3 Kf6 44. Bd5 Qe7 45. Qb8 Qc5 46. Bg2 Ke7 47.
Qb7+ Kf8 48. Qc8+ Kg7 49. Qa8 Kf6 50. Qe8 Qd6 51. Bf3 Kg7 52. Kg2 f5 53. Qc8
Kf6 54. Qh8+ Kf7 55. Qa8 Kf6 56. Qa1 Ke7 57. Qc3 Kf6 58. Kh2 Ke7 59. Bg2 e4 60.
Bf1 Qc5 61. Qxc5+ Nxc5 62. Bc4 Nd3 63. c7 Kd7 64. Kg2 Ne5 65. Bd5 Kxc7 66. h4
Kd6 67. Bb7 gxh4 68. gxh4 Nd3 69. Kg3 Ke5 70. Bc6 f4+ 71. Kg2 Ne1+ 72. Kh3 Nd3
73. Kg2 Kf5 74. Bd7+ Kf6 75. Bc6 e3 76. fxe3 fxe3 77. Kf1 Nf4 78. Be4 Ke5 79.
Bc2 Kd4 80. Bb1 Ke5 81. Bc2 Kf6 82. Be4 e2+ 83. Kf2 Ke5 1/2-1/2

[Event "France 2019 - Accession"]
[Site "Chartres"]
[Date "2019.08.22"]
[Round "6.30"]
[White "Ek, Alexandre"]
[Black "Fantin, Ludwig"]
[Result "1-0"]
[WhiteElo "2188"]
[BlackElo "2213"]
[PlyCount "121"]
[EventDate "2019.08.??"]
[EventType "swiss"]
[EventRounds "9"]
[EventCountry "FRA"]
[WhiteTeam "Cercle d'Echecs de Villepinte"]
[BlackTeam "Clermont-Ferrand Echecs"]

1. e4 c5 2. Nf3 Nc6 3. d4 cxd4 4. Nxd4 Nf6 5. Nc3 d6 6. Bg5 e6 7. Qd2 Be7 8.
O-O-O Nxd4 9. Qxd4 a6 10. Be2 b5 11. f4 O-O 12. h4 Bb7 13. Bf3 Qc7 14. Bxf6
Bxf6 15. Qxd6 Qa5 16. e5 Rfd8 17. Qc5 Bxf3 18. exf6 Bd5 19. Rxd5 exd5 20. Nxd5
Rxd5 21. Qxd5 Rd8 22. Qf3 Qxa2 23. Qa3 Qxa3 24. bxa3 gxf6 25. Rd1 Re8 26. Rd6
Re4 27. Rxf6 Ra4 28. Kb2 Kg7 29. Rf5 h6 30. g4 Re4 31. g5 hxg5 32. hxg5 Re6 33.
Kb3 Kg6 34. Rd5 Rc6 35. c3 f6 36. gxf6 Kxf6 37. Rd4 Kf5 38. a4 bxa4+ 39. Rxa4
Rb6+ 40. Rb4 Rc6 41. Rd4 Rb6+ 42. Kc4 Rc6+ 43. Kb3 Rb6+ 44. Ka4 Rc6 45. c4 Ke6
46. Kb4 Rc8 47. c5 Rb8+ 48. Kc4 a5 49. Rd6+ Ke7 50. f5 Ra8 51. f6+ Kf7 52. c6
a4 53. c7 Rc8 54. Rc6 a3 55. Kb3 a2 56. Kxa2 Ke8 57. Kb3 Kd7 58. Rc2 Ke6 59.
Kb4 Kxf6 60. Kb5 Ke6 61. Kb6 1-0

[Event "France 2019 - Accession"]
[Site "Chartres"]
[Date "2019.08.22"]
[Round "6.31"]
[White "Girel, Joseph"]
[Black "Favarel, Camille"]
[Result "1/2-1/2"]
[WhiteElo "2157"]
[BlackElo "2207"]
[PlyCount "69"]
[EventDate "2019.08.??"]
[EventType "swiss"]
[EventRounds "9"]
[EventCountry "FRA"]
[WhiteTeam "Marseille-Echecs"]
[BlackTeam "L'Echiquier du Roy René"]

1. e4 d5 2. exd5 Qxd5 3. Nc3 Qd8 4. d4 Nf6 5. Nf3 Bg4 6. h3 Bxf3 7. Qxf3 c6 8.
Qd3 e6 9. Be2 Nbd7 10. O-O Be7 11. Bf3 O-O 12. Bf4 Qb6 13. Na4 Qa5 14. b3 Rad8
15. Nb2 Nd5 16. Bd2 Qc7 17. Qe2 Bf6 18. c4 Ne7 19. Bb4 Rfe8 20. Be4 Nf8 21. c5
Nd5 22. Be1 Bxd4 23. Rc1 Qf4 24. Nd3 Qf6 25. Bd2 Nc3 26. Bxc3 Bxc3 27. Rfd1 Rd7
28. Ne1 Red8 29. Nf3 Rxd1+ 30. Rxd1 Rxd1+ 31. Qxd1 Qe7 32. Qd3 Qxc5 33. Qd8 Bf6
34. Qb8 Qb4 35. Bxc6 1/2-1/2

[Event "France 2019 - Accession"]
[Site "Chartres"]
[Date "2019.08.22"]
[Round "6.32"]
[White "Dalaud, Dorian"]
[Black "Pham, Arthur"]
[Result "1-0"]
[WhiteElo "2165"]
[BlackElo "2116"]
[PlyCount "131"]
[EventDate "2019.08.??"]
[EventType "swiss"]
[EventRounds "9"]
[EventCountry "FRA"]
[WhiteTeam "Cercle d'Echecs de Nantes"]
[BlackTeam "Echecs 16"]

1. e4 c5 2. Nc3 g6 3. h4 h5 4. d4 cxd4 5. Qxd4 Nf6 6. Bg5 Nc6 7. Qd2 Bg7 8.
O-O-O d6 9. Kb1 Be6 10. f3 a6 11. Nh3 Na5 12. Nf4 Bc4 13. Nfd5 Nxd5 14. Nxd5
Bxd5 15. exd5 b5 16. Qe3 Rb8 17. Bd3 Rb7 18. Rhe1 Nc4 19. Bxc4 bxc4 20. c3 O-O
21. Bxe7 Qb8 22. Qc1 Rc8 23. Re2 Rb5 24. g4 hxg4 25. fxg4 Qb6 26. h5 Rb8 27.
hxg6 fxg6 28. Rf1 Qc5 29. Qg5 Qa3 30. Rf8+ Rxf8 31. Bxf8 Qxc3 32. Bxg7 Qd3+ 33.
Rc2 Kxg7 34. Qe7+ Kg8 35. Qd8+ Kg7 36. Qxd6 Qd1+ 37. Rc1 Qxg4 38. Qe7+ Kg8 39.
Qe8+ Kg7 40. Qe5+ Kg8 41. Rf1 Qd7 42. Qf6 Qe8 43. Rg1 Qe4+ 44. Ka1 Kh7 45. Qf7+
Kh6 46. Qg8 Rb7 47. d6 Rg7 48. Qh8+ Rh7 49. Qf8+ Kh5 50. Qf2 g5 51. Qd2 Qf5 52.
a3 Kg6 53. Qd4 Qe6 54. Qd2 Qf5 55. Qc3 Qd5 56. Qc2+ Qd3 57. Qg2 Qe3 58. Rd1 Rd7
59. Qc2+ Kf6 60. Qxc4 a5 61. Qd5 g4 62. Qh5 Qf4 63. Qh8+ Kg6 64. Qg8+ Kf6 65.
Qf8+ Rf7 66. Qxf7+ 1-0

[Event "France 2019 - Accession"]
[Site "Chartres"]
[Date "2019.08.22"]
[Round "6.33"]
[White "Viel, Simon"]
[Black "Hingouet, Matthieu"]
[Result "1/2-1/2"]
[WhiteElo "2252"]
[BlackElo "2195"]
[PlyCount "138"]
[EventDate "2019.08.??"]
[EventType "swiss"]
[EventRounds "9"]
[EventCountry "FRA"]
[WhiteTeam "Echecs Plus de Cherbourg-Octeville"]
[BlackTeam "Cavalier de la Tourelle Saint-Mande"]

1. e4 c6 2. Nc3 d5 3. Nf3 dxe4 4. Nxe4 Nf6 5. Nxf6+ exf6 6. Be2 Bd6 7. d4 O-O
8. O-O Bg4 9. h3 Bh5 10. c4 Nd7 11. Nh4 Bxe2 12. Qxe2 Re8 13. Qg4 g6 14. c5 Bc7
15. Bh6 Nf8 16. Bxf8 Kxf8 17. Nf3 Qd5 18. Rfe1 h5 19. Qh4 Kg7 20. b3 Qf5 21.
Re3 Rxe3 22. fxe3 Re8 23. Qf2 Qd3 24. Re1 Ba5 25. Re2 Re4 26. Nh2 f5 27. Nf1 f4
28. Qf3 fxe3 29. Rxe3 Rxe3 30. Qxe3 Qxe3+ 31. Nxe3 Bc3 32. Nc2 g5 33. Kf2 f5
34. Ke3 Kf6 35. Na3 g4 36. hxg4 fxg4 37. Nc4 Ke6 38. Ke4 h4 39. Nd6 h3 40. gxh3
gxh3 41. Kf3 Bxd4 42. Nxb7 Be5 43. Na5 Kd5 44. Nb7 Bc7 45. Kf2 Ke6 46. Kf3 Kd7
47. b4 Kc8 48. Na5 Bxa5 49. bxa5 Kb7 50. Kg3 Ka6 51. Kxh3 Kxa5 52. Kg3 Kb4 53.
Kf4 Kxc5 54. Ke3 Kc4 55. Kd2 a6 56. Kc2 c5 57. Kd2 Kd4 58. Kc2 c4 59. Kd2 c3+
60. Kc2 Kc4 61. Kb1 Kd3 62. Kc1 Kc4 63. Kb1 a5 64. Kc1 Kc5 65. Kb1 Kd4 66. Kc2
a4 67. Kb1 Kd3 68. Kc1 c2 69. a3 Kc3 1/2-1/2

[Event "France 2019 - Accession"]
[Site "Chartres"]
[Date "2019.08.23"]
[Round "7.7"]
[White "Cotonnec, Melkior"]
[Black "Housieaux, David"]
[Result "0-1"]
[WhiteElo "2299"]
[BlackElo "2402"]
[PlyCount "96"]
[EventDate "2019.08.??"]
[EventType "swiss"]
[EventRounds "9"]
[EventCountry "FRA"]
[WhiteTeam "C.E. de Rueil Malmaison"]
[BlackTeam "A.J.E. Noyon"]

1. Nf3 Nf6 2. c4 g6 3. Nc3 Bg7 4. e4 d6 5. d4 O-O 6. Be2 e5 7. O-O Na6 8. Be3
Qe7 9. dxe5 dxe5 10. h3 c6 11. Qc2 Nh5 12. Rfd1 Nf4 13. Bf1 Qf6 14. Ne1 Ne6 15.
Ne2 Qe7 16. a3 f5 17. b4 c5 18. Nc3 Nd4 19. Nd5 Qf7 20. Qb1 fxe4 21. Qxe4 Bf5
22. Qh4 Rae8 23. Rac1 b6 24. Kh2 Nc7 25. Bd3 e4 26. Bf1 Bc8 27. g4 h6 28. Kh1
g5 29. Qg3 Nce6 30. Nc2 Nf3 31. Ne1 Be5 32. Qg2 Nf4 33. Bxf4 Bxf4 34. Nxf4 Nxe1
35. Rxe1 gxf4 36. Kg1 Bb7 37. bxc5 bxc5 38. Qh2 Rd8 39. Bg2 Rd4 40. Qh1 Re8 41.
Qh2 Rd2 42. Bf1 e3 43. Re2 Bf3 44. Rce1 Bxe2 45. Rxe2 Rxe2 46. Bxe2 f3 47. fxe3
fxe2 48. Qxe2 Qf4 0-1

[Event "France 2019 - Accession"]
[Site "Chartres"]
[Date "2019.08.23"]
[Round "7.9"]
[White "Pigeat, Alexandre"]
[Black "Philippe, Guillaume"]
[Result "0-1"]
[WhiteElo "2377"]
[BlackElo "2321"]
[PlyCount "104"]
[EventDate "2019.08.??"]
[EventType "swiss"]
[EventRounds "9"]
[EventCountry "FRA"]
[WhiteTeam "Esbarres Bonnencontre Echecs"]
[BlackTeam "L'Echiquier Châlonnais"]

1. d4 f5 2. c4 Nf6 3. Nc3 d6 4. Bg5 Nbd7 5. Qc2 g6 6. Nf3 Bg7 7. Rd1 O-O 8. e3
c6 9. Bd3 e5 10. e4 f4 11. O-O h6 12. Bxf6 Qxf6 13. c5 exd4 14. Bc4+ Kh7 15.
Rxd4 dxc5 16. Rxd7 Bxd7 17. e5 Qf5 18. Ne4 Rae8 19. Bd3 Qh5 20. Nxc5 Bc8 21.
Re1 b6 22. Ne4 Bg4 23. Ned2 c5 24. b4 Bf5 25. bxc5 bxc5 26. Bxf5 Qxf5 27. Qxc5
Qd7 28. Ne4 Qe7 29. Qa5 Rd8 30. h4 Rd3 31. Qa6 Rfd8 32. h5 gxh5 33. Qc4 Rd1 34.
Rxd1 Rxd1+ 35. Kh2 Rd8 36. Nc3 Kh8 37. Qe4 Qe6 38. Ne2 Qd5 39. Qg6 Qd3 40. Nxf4
Qxg6 41. Nxg6+ Kh7 42. Nfh4 Rd2 43. f4 Rxa2 44. f5 Re2 45. f6 a5 46. f7 a4 47.
e6 a3 48. Nf4 Re4 49. Nxh5 Rxh4+ 50. Kg3 Re4 51. Nf6+ Kg6 52. Nxe4 a2 0-1

[Event "France 2019 - Accession"]
[Site "Chartres"]
[Date "2019.08.23"]
[Round "7.10"]
[White "Gertosio, Franck"]
[Black "Barseghyan, Harutyun"]
[Result "0-1"]
[WhiteElo "2267"]
[BlackElo "2519"]
[PlyCount "100"]
[EventDate "2019.08.??"]
[EventType "swiss"]
[EventRounds "9"]
[EventCountry "FRA"]
[WhiteTeam "Ste Foy Echecs"]
[BlackTeam "Nice Alekhine"]

1. e4 e5 2. Nf3 Nc6 3. Bc4 Bc5 4. d3 Nf6 5. O-O O-O 6. h3 h6 7. Re1 d6 8. a4 a5
9. Nbd2 Re8 10. Nf1 Be6 11. Ng3 Bxc4 12. dxc4 Ne7 13. Nh4 Qd7 14. Qf3 Qe6 15.
Nhf5 Nxf5 16. Nxf5 Nh7 17. h4 Kh8 18. b3 h5 19. Be3 Bb4 20. Rec1 g6 21. c3 Bc5
22. Bxc5 gxf5 23. exf5 Qf6 24. Be3 Qxh4 25. Kf1 Rg8 26. Ke2 e4 27. Qf4 Qxf4 28.
Bxf4 Rxg2 29. Bg3 Rg8 30. Ke3 Nf6 31. Rh1 Rg5 32. Bh4 Rxf5 33. Bxf6+ Rxf6 34.
Rxh5+ Kg7 35. Rxa5 Rg4 36. Rb5 Rf3+ 37. Ke2 Rg2 38. Rf1 b6 39. Kd2 f5 40. b4
Kf6 41. a5 bxa5 42. bxa5 Rgxf2+ 43. Rxf2 Rxf2+ 44. Ke3 Rf3+ 45. Kd2 f4 46. Kc2
Rf2+ 47. Kb3 Rf1 48. Ka2 e3 49. Rb2 f3 50. a6 e2 0-1

[Event "France 2019 - Accession"]
[Site "Chartres"]
[Date "2019.08.23"]
[Round "7.11"]
[White "Le Goff, Ronan"]
[Black "Ollier, Pablo"]
[Result "1/2-1/2"]
[WhiteElo "2303"]
[BlackElo "2382"]
[PlyCount "65"]
[EventDate "2019.08.??"]
[EventType "swiss"]
[EventRounds "9"]
[EventCountry "FRA"]
[WhiteTeam "Echiquier de l'Erdre"]
[BlackTeam "Echiquier Médocain"]

1. d4 Nf6 2. Nf3 e6 3. e3 b6 4. Bd3 Bb7 5. O-O c5 6. c4 g6 7. d5 exd5 8. cxd5
Bg7 9. e4 d6 10. Nc3 O-O 11. h3 Ba6 12. Re1 Qc8 13. Bf4 Rd8 14. a4 Bxd3 15.
Qxd3 Na6 16. Rad1 Nb4 17. Qe2 a6 18. Bg5 Re8 19. e5 dxe5 20. Bxf6 Bxf6 21. Ne4
Qd8 22. d6 Bg7 23. a5 h6 24. axb6 Qxb6 25. Qc4 Red8 26. Nxc5 Rac8 27. Nxe5 Bxe5
28. Rxe5 Rxd6 29. Rde1 Qb5 30. Qf4 Rd5 31. Nd7 Qxd7 32. Re7 Qf5 33. Re8+
1/2-1/2

[Event "France 2019 - Accession"]
[Site "Chartres"]
[Date "2019.08.23"]
[Round "7.12"]
[White "Bujisho, Benjamin"]
[Black "Debray, Christopher"]
[Result "1/2-1/2"]
[WhiteElo "2317"]
[BlackElo "2352"]
[PlyCount "78"]
[EventDate "2019.08.??"]
[EventType "swiss"]
[EventRounds "9"]
[EventCountry "FRA"]
[WhiteTeam "Chevau-légers de la Choisille"]
[BlackTeam "Grasse Echecs"]

1. f4 b6 2. Nf3 Bb7 3. g3 g6 4. Bg2 Bg7 5. O-O Nf6 6. d3 d5 7. c3 O-O 8. Na3 c5
9. Qe1 Nbd7 10. h3 Re8 11. g4 e5 12. fxe5 Nxe5 13. Nxe5 Rxe5 14. Bf4 Re6 15.
Qf2 Qe7 16. Rae1 Re8 17. Nb5 Rxe2 18. Rxe2 Qxe2 19. Nd6 Qxf2+ 20. Kxf2 Re7 21.
Nxb7 Rxb7 22. Re1 h6 23. Bf3 g5 24. Be5 Rd7 25. Bxf6 Bxf6 26. Re8+ Kg7 27. a4
Be7 28. Ke2 Bf6 29. Kd2 Rd6 30. Ra8 a5 31. Re8 Re6 32. Rxe6 fxe6 33. b3 Be5 34.
c4 Bf4+ 35. Ke2 dxc4 36. bxc4 Kf6 37. Bb7 Ke5 38. Bc8 Bc1 39. Bd7 Bb2 1/2-1/2

[Event "France 2019 - Accession"]
[Site "Chartres"]
[Date "2019.08.23"]
[Round "7.13"]
[White "Willems, Niels"]
[Black "Defromont, Benjamin"]
[Result "1/2-1/2"]
[WhiteElo "2351"]
[BlackElo "2236"]
[PlyCount "67"]
[EventDate "2019.08.??"]
[EventType "swiss"]
[EventRounds "9"]
[EventCountry "FRA"]
[WhiteTeam "Echecs Club Montpellier"]
[BlackTeam "Cannes Echecs"]

1. c4 e5 2. Nc3 Nf6 3. Nf3 Nc6 4. e4 Bc5 5. Nxe5 Nxe5 6. d4 Bb4 7. dxe5 Nxe4 8.
Qf3 Nxc3 9. bxc3 Ba5 10. Qg3 O-O 11. Bh6 Bxc3+ 12. Qxc3 gxh6 13. h4 d6 14.
O-O-O Qe7 15. exd6 cxd6 16. Re1 Qc7 17. Re3 f6 18. Rg3+ Kh8 19. Bd3 Be6 20. Re1
Qf7 21. Rge3 Rae8 22. Qd4 Bd7 23. Qxd6 Rxe3 24. Rxe3 Re8 25. Rxe8+ Bxe8 26. Qf4
Qe7 27. Kd2 h5 28. Qe3 Qb4+ 29. Ke2 Bc6 30. Qh6 Qb2+ 31. Kf1 Qa1+ 32. Ke2 Qb2+
33. Kf1 Qa1+ 34. Ke2 1/2-1/2

[Event "France 2019 - Accession"]
[Site "Chartres"]
[Date "2019.08.23"]
[Round "7.14"]
[White "Lux, Hugo De Melo"]
[Black "Degardin, Sylvain"]
[Result "1/2-1/2"]
[WhiteElo "2401"]
[BlackElo "2189"]
[PlyCount "80"]
[EventDate "2019.08.??"]
[EventType "swiss"]
[EventRounds "9"]
[EventCountry "FRA"]
[WhiteTeam "Echecs 16"]
[BlackTeam "Mulhouse Philidor"]

1. e4 c5 2. Nc3 d6 3. d4 cxd4 4. Qxd4 Nc6 5. Bb5 Bd7 6. Bxc6 Bxc6 7. Nge2 Nf6
8. Bg5 Qa5 9. Qd2 e6 10. O-O-O Be7 11. Bxf6 gxf6 12. Nd4 Bd7 13. Kb1 a6 14. f4
Qc5 15. Rhe1 O-O-O 16. Qe2 Kb8 17. Nb3 Qb6 18. Qh5 Rdf8 19. g3 Bc8 20. Rd2 Rhg8
21. Red1 Qc6 22. Qe2 Rh8 23. Na5 Qc7 24. Nc4 Rd8 25. a4 h5 26. a5 f5 27. exf5
d5 28. Nb6 Bb4 29. Rd3 Bxa5 30. Nxc8 Qxc8 31. fxe6 fxe6 32. f5 d4 33. Na2 exf5
34. Rxd4 Rxd4 35. Rxd4 Qe8 36. Qf3 Qe1+ 37. Rd1 Qe4 38. Qa3 Rc8 39. Qb3 Ka7 40.
Nc1 Rc7 1/2-1/2

[Event "France 2019 - Accession"]
[Site "Chartres"]
[Date "2019.08.23"]
[Round "7.15"]
[White "Razafindratsima, Timothe"]
[Black "Pucher, Sebastien"]
[Result "1-0"]
[WhiteElo "2230"]
[BlackElo "2316"]
[PlyCount "107"]
[EventDate "2019.08.??"]
[EventType "swiss"]
[EventRounds "9"]
[EventCountry "FRA"]
[WhiteTeam "Cannes Echecs"]
[BlackTeam "Club d'Echecs Metz Fischer"]

1. e4 c6 2. d4 d5 3. Nc3 g6 4. h4 h5 5. Nf3 Bg7 6. exd5 cxd5 7. Bf4 a6 8. Ne5
Nc6 9. Qd2 Nh6 10. Ne2 Qb6 11. c3 Nxe5 12. Bxe5 Bxe5 13. dxe5 Ng4 14. Nf4 e6
15. Nd3 Bd7 16. a4 Bc6 17. Qf4 d4 18. a5 Qb3 19. cxd4 Rd8 20. Rd1 Nh6 21. Nc5
Qxb2 22. Qd2 Qa3 23. Rh3 Qxc5 24. dxc5 Rxd2 25. Rxd2 Nf5 26. Rhd3 Ke7 27. g3
Rc8 28. Rb3 Rc7 29. Be2 Bd5 30. Rc3 Rc8 31. Bd1 Rc7 32. f4 Rc8 33. Kf2 Rc7 34.
Bf3 Bxf3 35. Kxf3 Ke8 36. Rcd3 Kf8 37. Rd8+ Kg7 38. Rc2 Ne7 39. Re8 Rd7 40. Ke2
Nf5 41. Rd2 Nxg3+ 42. Ke1 Rc7 43. Rdd8 g5 44. Rg8+ Kh7 45. Rxg5 Nf5 46. Rxh5+
Kg7 47. Rhh8 Ne7 48. h5 Rxc5 49. h6+ Kg6 50. h7 Rc7 51. Rdg8+ Kh6 52. Rg2 Ng6
53. Rh2+ Kg7 54. Rg8# 1-0

[Event "France 2019 - Accession"]
[Site "Chartres"]
[Date "2019.08.23"]
[Round "7.16"]
[White "Daeschler, Florian"]
[Black "Fruchard, Cyrille"]
[Result "1-0"]
[WhiteElo "2303"]
[BlackElo "2261"]
[PlyCount "53"]
[EventDate "2019.08.??"]
[EventType "swiss"]
[EventRounds "9"]
[EventCountry "FRA"]
[WhiteTeam "Club d'Echecs de Mundolsheim"]
[BlackTeam "La Dame Noire"]

1. d4 Nf6 2. c4 g6 3. g3 Bg7 4. Bg2 O-O 5. Nc3 d6 6. Nf3 Nc6 7. O-O a6 8. b3
Rb8 9. d5 Na5 10. Bg5 b5 11. cxb5 axb5 12. b4 Nc4 13. Qb3 h6 14. Bxf6 Bxf6 15.
a4 c6 16. dxc6 Be6 17. Nxb5 Qb6 18. c7 Ra8 19. Rac1 d5 20. Rfd1 Nb2 21. Nfd4
Nxd1 22. Qxd1 Qb7 23. Nxe6 fxe6 24. Qc2 Qa6 25. Qxg6+ Kh8 26. Qxh6+ Kg8 27. Bh3
1-0

[Event "France 2019 - Accession"]
[Site "Chartres"]
[Date "2019.08.23"]
[Round "7.17"]
[White "Duquesne, Adrien"]
[Black "Meunier, Clement"]
[Result "0-1"]
[WhiteElo "2170"]
[BlackElo "2291"]
[PlyCount "102"]
[EventDate "2019.08.??"]
[EventType "swiss"]
[EventRounds "9"]
[EventCountry "FRA"]
[WhiteTeam "Evry Grand Roque"]
[BlackTeam "L'Echiquier du Roy René"]

1. d4 Nf6 2. Bf4 g6 3. Nc3 d5 4. e3 Bg7 5. h4 c6 6. Be2 h5 7. Nf3 Bg4 8. Ne5
Bxe2 9. Qxe2 Nbd7 10. f3 Nxe5 11. Bxe5 Qb6 12. O-O-O O-O-O 13. Kb1 Ne8 14. Bxg7
Nxg7 15. Na4 Qc7 16. c4 e5 17. cxd5 Rxd5 18. Nc3 Rdd8 19. d5 Nf5 20. Qe1 Kb8
21. g4 Nd6 22. e4 hxg4 23. fxg4 cxd5 24. exd5 Rde8 25. Qe2 f5 26. Nb5 Nxb5 27.
Qxb5 Qd6 28. h5 fxg4 29. hxg6 Qxg6+ 30. Ka1 Rxh1 31. Rxh1 Rg8 32. Qe2 e4 33.
Rg1 g3 34. a3 Qb6 35. Rg2 Qd4 36. d6 Qd3 37. Qxd3 exd3 38. Kb1 Kc8 39. Kc1 Kd7
40. Kd2 Kxd6 41. Kxd3 Kd5 42. Ke2 Kc4 43. Kf1 Kb3 44. Re2 g2+ 45. Kg1 Rg6 46.
Re7 Rb6 47. Kxg2 Kxb2 48. a4 a6 49. Kf3 Ka3 50. a5 Rb3+ 51. Ke4 Ka4 0-1

[Event "France 2019 - Accession"]
[Site "Chartres"]
[Date "2019.08.23"]
[Round "7.18"]
[White "Mouhamad, Joachim"]
[Black "Le Corre, Benjamin"]
[Result "1-0"]
[WhiteElo "2288"]
[BlackElo "2281"]
[PlyCount "51"]
[EventDate "2019.08.??"]
[EventType "swiss"]
[EventRounds "9"]
[EventCountry "FRA"]
[WhiteTeam "Clichy-Echecs-92"]
[BlackTeam "Ecole Française d'Echecs de Metz"]

1. e4 c5 2. Nf3 Nc6 3. d4 cxd4 4. Nxd4 e5 5. Nb5 d6 6. N1c3 a6 7. Na3 b5 8. Nd5
Nge7 9. c4 Nd4 10. Bd3 Nxd5 11. cxd5 g6 12. O-O Bg7 13. Nc2 Nxc2 14. Qxc2 Bd7
15. Be3 Rc8 16. Qd2 f5 17. f3 f4 18. Bf2 Bf6 19. Qb4 Be7 20. Rfc1 Kf7 21. Qa3
Rxc1+ 22. Rxc1 a5 23. b4 axb4 24. Qa7 Rg8 25. Rc7 Be8 26. Rb7 1-0

[Event "France 2019 - Accession"]
[Site "Chartres"]
[Date "2019.08.23"]
[Round "7.19"]
[White "Decuigniere, Tom"]
[Black "Nguyen, Vincent"]
[Result "0-1"]
[WhiteElo "2211"]
[BlackElo "2288"]
[PlyCount "70"]
[EventDate "2019.08.??"]
[EventType "swiss"]
[EventRounds "9"]
[EventCountry "FRA"]
[WhiteTeam "Ecole Française d'Echecs de Metz"]
[BlackTeam "La tour de Juvisy"]

1. e4 e6 2. d4 d5 3. Nc3 Bb4 4. Nge2 Nf6 5. e5 Nfd7 6. a3 Be7 7. b4 b6 8. b5 a6
9. Nf4 axb5 10. Qg4 g6 11. Bd3 b4 12. Nb5 Nf8 13. Nh5 Ra5 14. O-O Ba6 15. a4
Bxb5 16. Bxb5+ c6 17. Bd3 b5 18. Bd2 Rxa4 19. Rae1 Kd7 20. Ng7 h6 21. Qf3 Bg5
22. Bxg5 Qxg5 23. Qxf7+ Qe7 24. Bxg6 Nxg6 25. Qxg6 Rg8 26. Qxe6+ Qxe6 27. Nxe6
Kxe6 28. f4 Kf5 29. h3 h5 30. e6 h4 31. Re5+ Kf6 32. Rfe1 Re8 33. Rh5 Ra2 34.
Rh7 Kg6 35. Rf7 Rxe6 0-1

[Event "France 2019 - Accession"]
[Site "Chartres"]
[Date "2019.08.23"]
[Round "7.20"]
[White "Coiffait, Pierre-Basile"]
[Black "Kollar, Romain"]
[Result "1/2-1/2"]
[WhiteElo "2231"]
[BlackElo "2214"]
[PlyCount "112"]
[EventDate "2019.08.??"]
[EventType "swiss"]
[EventRounds "9"]
[EventCountry "FRA"]
[WhiteTeam "L'Echiquier du Pays de Bray"]
[BlackTeam "Club d'Echecs de la Bruffière"]

1. e4 c5 2. Nf3 d6 3. d4 cxd4 4. Nxd4 Nf6 5. f3 e5 6. Nb3 Be6 7. c4 a5 8. Be3
Be7 9. Bd3 O-O 10. O-O Nc6 11. Nc3 a4 12. Nc1 a3 13. b3 Nh5 14. Qd2 Qa5 15.
N1e2 Bd8 16. Na4 Qxd2 17. Bxd2 g5 18. Rfd1 Nf4 19. Nxf4 exf4 20. Bc1 Bf6 21.
Rb1 Nb4 22. Bxa3 Nxd3 23. Rxd3 Bxc4 24. bxc4 Rxa4 25. Bxd6 Rd8 26. Rxb7 Rxc4
27. e5 Bg7 28. h4 h6 29. Ra3 Rc2 30. h5 Bf8 31. Ra6 Bxd6 32. exd6 Rd2 33. Raa7
R8xd6 34. a4 Re2 35. Rd7 Rc6 36. Rxf7 Rc1+ 37. Kh2 Rcc2 38. Rfd7 Rxg2+ 39. Kh1
Rh2+ 40. Kg1 Rhg2+ 41. Kf1 Rgf2+ 42. Ke1 Rce2+ 43. Kd1 Re8 44. Rg7+ Kh8 45.
Rh7+ Kg8 46. Rag7+ Kf8 47. Rd7 Kg8 48. Rxh6 Rf1+ 49. Kd2 Rf2+ 50. Kd3 Rxf3+ 51.
Kd4 Rfe3 52. Rg6+ Kh8 53. Rxg5 R3e4+ 54. Kc3 Rxa4 55. Rgg7 Re3+ 56. Kb2 Rb4+
1/2-1/2

[Event "France 2019 - Accession"]
[Site "Chartres"]
[Date "2019.08.23"]
[Round "7.21"]
[White "Sanchez, Louis"]
[Black "Boyer, Mahel"]
[Result "0-1"]
[WhiteElo "2331"]
[BlackElo "2341"]
[PlyCount "54"]
[EventDate "2019.08.??"]
[EventType "swiss"]
[EventRounds "9"]
[EventCountry "FRA"]
[WhiteTeam "Corsica Chess Club"]
[BlackTeam "Echiquier Nîmois"]

1. Nf3 Nf6 2. g3 d5 3. Bg2 e6 4. O-O Be7 5. d4 O-O 6. c4 c6 7. Qc2 b6 8. Nbd2
c5 9. cxd5 exd5 10. e4 Nc6 11. dxc5 bxc5 12. exd5 Nxd5 13. a3 Rb8 14. Ne4 Qb6
15. Rd1 Rd8 16. Bg5 f6 17. Bc1 Bg4 18. h3 Bh5 19. g4 Bg6 20. Qe2 Kh8 21. Nh4
Bf7 22. Nf5 Bf8 23. b4 cxb4 24. axb4 Ncxb4 25. g5 Bg6 26. Nh4 Bxe4 27. Bxe4 Nc3
0-1